Kozlovský kopec a Kozlov /

Hlavní autor: Šebela, Jan, 1940-2017
Jazyk: Čeština
Vydáno: Česká Třebová : Městské muzeum, 2000
Edice: Vlastivědné zajímavosti Českotřebovska
Témata:
Fyzický popis: 12 s. : il. ; 21 cm
Knihy
Uloženo v:
LEADER 01407nam a2200373 a 4500
001 000571760
003 CZ BrMZK
005 20090202102433.0
007 ta
008 010920s2000 xr e f cze d
015 |a cnb000995475 
035 |a (OCoLC)47951597 
040 |a BOA001  |b cze 
043 |a e-xr---  |b e-xr-cc  |b e-xr-pa  |2 czenas 
072 7 |a 94(437)  |x Dějiny Česka a Slovenska  |2 Konspekt  |9 8 
080 |a 94(437.31-18)  |2 MRF 
080 |a 908(437.31-18)  |2 MRF 
080 |a 94(437.314)  |2 MRF 
080 |a 908(437.314)  |2 MRF 
080 |a (036)  |2 MRF 
100 1 |a Šebela, Jan,  |d 1940-2017  |7 jx20040116010  |4 aut 
245 1 0 |a Kozlovský kopec a Kozlov /  |c [Jan Šebela] 
260 |a Česká Třebová :  |b Městské muzeum,  |c 2000 
300 |a 12 s. :  |b il. ;  |c 21 cm 
490 1 |a Vlastivědné zajímavosti Českotřebovska ;  |v 14 
655 7 |a informační publikace  |7 fd132454  |2 czenas 
651 7 |a Kozlov (Česká Třebová, Česko)  |7 ge129658  |x dějiny  |2 czenas 
651 7 |a Kozlov (Česká Třebová, Česko)  |7 ge129658  |x vlastivěda  |2 czenas 
651 7 |a Kozlovský kopec (Česko)  |7 ge117768  |x dějiny  |2 czenas 
651 7 |a Kozlovský kopec (Česko)  |7 ge117768  |x vlastivěda  |2 czenas 
830 0 |a Vlastivědné zajímavosti Českotřebovska 
910 |a BOA001  |b 2-1091.040 
990 |a BK 
996 6 |b 2610144166  |c 2-1091.040  |l MZK  |r Sklad / do 1 hodiny  |n 2  |p p.v.  |w 000571760  |u 000010  |a 1  |e BOA001  |j MZK50  |s P